Translating theory and research into educational practice : developments in content domains, large scale reform, and intellectual capacity /

Bibliographic Details
Other Authors: Constas, Mark A., Sternberg, Robert J.
Format: Book
Language:English
Published: Mahwah, N.J. : Lawrence Erlbaum Associates, 2006.
Series:Educational psychology series.
Subjects:

MARC

Tag First Indicator Second Indicator Subfields
LEADER 00000pam a22000004a 4500
001 in00002182012
005 20151104060540.0
008 050720s2006 nju b 001 0 eng
010 |a  2005052305 
020 |a 080585147X (alk. paper) 
020 |a 0805851488 (pbk. : alk. paper) 
035 |a (OCoLC)ocm61151658 
040 |a DLC  |c DLC  |d YDX  |d BAKER  |d UtOrBLW 
042 |a pcc 
049 |a TXAM 
050 0 0 |a LB1028  |b .T695 2006 
082 0 0 |a 370/.72  |2 22 
245 0 0 |a Translating theory and research into educational practice :  |b developments in content domains, large scale reform, and intellectual capacity /  |c edited by Mark A. Constas, Robert J. Sternberg. 
264 1 |a Mahwah, N.J. :  |b Lawrence Erlbaum Associates,  |c 2006. 
300 |a xiv, 297 pages ;  |c 24 cm. 
336 |a text  |b txt  |2 rdacontent 
337 |a unmediated  |b n  |2 rdamedia 
338 |a volume  |b nc  |2 rdacarrier 
490 1 |a The educational psychology series 
504 |a Includes bibliographical references and indexes. 
650 0 |a Education  |x Research. 
650 0 |a Educational psychology. 
700 1 |a Constas, Mark A. 
700 1 |a Sternberg, Robert J. 
830 0 |a Educational psychology series. 
938 |a Baker & Taylor  |b BKTY  |c 89.95  |d 89.95  |i 080585147X  |n 0006535791  |s active 
938 |a Baker & Taylor  |b BKTY  |c 29.95  |d 29.95  |i 0805851488  |n 0006535792  |s active 
945 |i PromptCat 
947 |a A14834150347 
948 |a cataloged  |b h  |c 2006/7/24  |d c  |e achopde  |f 1:13:32 pm 
994 |a 92  |b TXA 
999 |a MARS 
999 f f |s 20b680f9-d0f0-3c13-8c3b-8a2a8db334e9  |i deb91a22-0b3b-320a-8e6c-6afcd6c54e9d  |t 0 
952 f f |p normal  |a Texas A&M University  |b College Station  |c Sterling C. Evans Library  |d Evans: Library Stacks  |t 0  |e LB1028 .T695 2006  |h Library of Congress classification  |i unmediated -- volume  |m A14834150347 
998 f f |a LB1028 .T695 2006  |t 0  |l Evans: Library Stacks